World Subdivision Outlines (Impossible) - Statistics

General Stats
  • This quiz has been taken 60 times
  • The average score is 32 of 48
Answer Stats
Picture Hint Answer % Correct
to reveal the Country of the subdivision, type "2" Cuba
93%
to reveal the First Letter of the subdivision, type "1" P D R
91%
to reveal the Country of the subdivision, type "8" Somalia
91%
to reveal the Country of the subdivision, type "6" Bhutan
89%
to reveal the Country of the subdivision, type "4" Croatia
89%
to reveal the First Letter of the subdivision, type "3" V
89%
to reveal the Country of the subdivision, type "10" Jordan
87%
to reveal the First Letter of the subdivision, type "5" T
87%
to reveal the First Letter of the subdivision, type "9" A
85%
to reveal the Country of the subdivision, type "32" Angola
85%
to reveal the Country of the subdivision, type "24" Costa Rica
85%
to reveal the Country of the subdivision, type "28" Guyana
85%
to reveal the Country of the subdivision, type "20" Iran
85%
to reveal the Country of the subdivision, type "12" Kazakhstan
85%
to reveal the Country of the subdivision, type "16" Madagascar
85%
to reveal the Country of the subdivision, type "18" Romania
85%
to reveal the Country of the subdivision, type "30" Switzerland
85%
to reveal the First Letter of the subdivision, type "7" B
83%
to reveal the Country of the subdivision, type "14" Kenya
83%
to reveal the First Letter of the subdivision, type "19" K
81%
to reveal the First Letter of the subdivision, type "15" A A
80%
to reveal the First Letter of the subdivision, type "17" H
80%
to reveal the First Letter of the subdivision, type "13" K
80%
to reveal the First Letter of the subdivision, type "11" A
78%
to reveal the First Letter of the subdivision, type "29" A A
78%
to reveal the First Letter of the subdivision, type "21" J
78%
to reveal the Country of the subdivision, type "22" Kuwait
78%
to reveal the First Letter of the subdivision, type "23" A
76%
to reveal the First Letter of the subdivision, type "31" M
76%
to reveal the Country of the subdivision, type "26" Thailand
76%
to reveal the First Letter of the subdivision, type "27" U T- U E
74%
to reveal the First Letter of the subdivision, type "25" N
72%
Nan Province (Thailande
50%
Appenzell Ausserrhoden Canton (Switzerland)
43%
Aktobe Region (Kazakhstan)
41%
Pinar Del Rio Province (Cuba)
41%
Alajuela Province (Costa Rica)
39%
Aqaba Governate (Jordan)
39%
Jahra Governate (Kuwait)
39%
Kerman Province (Iran)
37%
Upper Takutu-Upper Essequib Region (Guyana)
37%
Moxico (Angola)
31%
Hunedoara County (Romania)
28%
Kissi County (Kenya)
24%
Varaždin County (Croatia)
24%
Trashigang District (Bhutan)
22%
Bari Region (Somalia)
17%
Atsimo Andrefana Region (Madagascar)
13%
No matching quizzes found
Score Distribution
Percent of People with Each Score
Percentile by Number Answered
Your Score History
You have not taken this quiz